000 01195nam a2200313 i 4500
001 176929
003 ES-MaACL
005 20260211130302.0
008 110218s1911 sp a |||| | spa d
080 _a338.2(460):628.1.034.3
080 _a626/627:351.712(460)
080 _a631.587(460)
100 1 _aCosta, Joaquín,
_d1846-1911
_941054
245 1 0 _aPolítica hidráulica :
_b(misión social de los riegos en España) /
_cpor Joaquín Costa Martínez.
260 _aMadrid :
_bBiblioteca J. Costa,
_c1911 (
_fImp. de Fortanet)
300 _a353 p., 1 retr. autor ;
_c21 cm.
490 1 _aBiblioteca económica ;
_v2
490 1 _aObras completas ;
_v20
530 _aDisponible en formato digital.
650 4 _aAguas para riego-
_xPolítica gubernamental-
_zEspaña.
_9145278
650 4 _aObras hidráulicas-
_zEspaña.
_915673
650 4 _aRegadío-
_zEspaña.
_9145279
830 1 _aBiblioteca económica ;
_v2
_9185772
830 1 _aObras completas ;
_v20
_9176447
852 _aES-MaACL
_jD-8855
_cSVI
856 4 _uhttps://repositorio.bde.es/handle/123456789/2681
_yRepositorio Institucional del Banco de España
942 _2udc
999 _c176929
_d176929